LEADER 00816nam a2200205 4500 001 000000354170 003 CaOOAMICUS 005 20230612115803.0 008 230612s1954 it 000 u ita r 040 $aSeMil$bita 100 10$aTelese, Vincenzo.$0(OLS)http://semarc/name/117703 245 10$aCasa della Vergine Panaya Kapulu, Efeso :$bguida senior. 264 1$aRoma :$bPubblicit,$c1954. 300 $a28 p. :$bill. ;$c17 cm 650 4$aEfeso - Casa della Madonna.$0(OLS)http://semarc/subject/33090 850 $aSeMil 852 $aSeMil$W1$xVenegono$y1$m5A IV 6/11$j241341$B245412$CSeMilBibl$Z2$F245412 $81 996 $6245$aCasa della Vergine Panaya Kapulu, Efeso :$bguida senior$9(OLS)http://semarc/title/444308 996 $6264$aRoma :$bPubblicit$9(OLS)http://semarc/publisher/61030 LEADER 01550nam a2200265 i 4500 001 000000065618 003 CaOOAMICUS 005 20131114000000.0 008 131114s1967 xx u000 u fre u 013 $a36790 040 $aSeMil$bita 100 1 $aDecloux, Simon,$c.$0(OLS)http://semarc/name/24109 245 10$aTemps, Dieu, Liberté dans les Commentaires Aristotéliciens de Saint Thomas d'Aquin :$bessai sur la pensée grecque et la pensée chrétienne /$cSimon Decloux, S. J. Professeur à la Faculté de Philosophie du Collège Philosophique et Théologique S. J. de Louvain. 260 $a[Bruges] :$bDesclée de Brouwer,$c1967. 300 $a262 p. ;$c25 cm. 490 0 $aMuseum Lessianum. Section philosophique ;$v54 500 $aContiene : Bibliographie. 600 04$aTommaso : d'Aquino .$0(OLS)http://semarc/subject/115 650 4$aTommaso : d'Aquino - Pensiero filosofico.$0(OLS)http://semarc/subject/871 650 4$aTommaso : d'Aquino - Aristotele.$0(OLS)http://semarc/subject/12793 830 0$aMuseum Lessianum. Section philosophique ;$v54.$0(OLS)http://semarc/title/9471 850 $aSeMil 852 $aSeMil$W1$xVenegono$y1$m2N I 168$j31771$B31771$CSeMilBibl$Z2$F31774 $81 996 $6245$aTemps, Dieu, Liberté dans les Commentaires Aristotéliciens de Saint Thomas d'Aquin :$bessai sur la pensée grecque et la pensée chrétienne$9(OLS)http://semarc/title/104166 996 $6260$a[Bruges] :$bDesclée de Brouwer$9(OLS)http://semarc/publisher/40270